000 00926nas a2200289 4500
001 BR2015000443
003 BR-BrBNA
005 20231205124954.0
007 ta
008 230509b bl.|||p| |||| 00| 00por d
040 _aBR-BrBNA
_bpor
_cBiblioteca Nacional de Agricultura
041 _a(Pt)
072 _aP40
100 1 _aSouza, M.J.H. de
100 1 _aGuimarães, M.C.A.
100 1 _aGuimarães, C.D.L.
100 1 _aFreitas, W. da S.
100 1 _aOliveira, A.M.S.
245 1 _aPotencial agroclimático para a cultura da acerola no Estado de Minas Gerais
650 _aAPTIDÃO CLIMÁTICA
650 _aMALPIGHIA GLABRA
650 _aFRUTICULTURA
650 _aZONEAMENTO CLIMÁTICO
773 0 _tRevista Brasileira de Engenharia Agrícola e Ambiental (Brasil)
_xISSN 1415-4366
_g(Apr-Jun 2006), v. 10(2) p. 390-396
_wBR2015000443
909 _a202311
_bLúcia
_c55
_dLúcia Elande
942 _2AGRIS
_n0
_cANA
999 _c241918
_d241918